banner-ar

HUGHES ELECTRICAL TECHNOLOGY 6TH ED / (Record no. 20107)

MARC details
000 -الفاتح
حقل البيانات ثابتة الطول 00615nam a2200217Ia 4500
008 - عناصر البيانات ثابتة الطول - معلومات عامة
حقل البيانات ثابتة الطول 140319s9999 xx 000 0 eng d
040 ## - مصدر الفهرسة
وكالة الفهرسة الأصلية GCL /
وكالة النسخ GCL
082 04 - رقم تصنيف ديوى العشرى
رقم التصنيف 621.3
رقم المادة H H
100 1# - المدخل الرئيسى - إسم شخصى
الإسم الشخصى SMITH, IANMAK ENZIE
245 10 - بيان العنوان
العنوان HUGHES ELECTRICAL TECHNOLOGY 6TH ED /
بيان المسئوليه,etc SMITH, IANMAK ENZIE
700 1# - المدخل الاضافى - اسم شخصى
الإسم الشخصى HUGHES, EDWARD
260 ## - PUBLICATION, DISTRIBUTION, ETC. (IMPRINT)
تاريخ النشر أو التوزيع 1987
300 ## - الوصف المادى
التعداد 656 P
650 04 - المدخل الاضافى بالموضوع-مصطلح موضوعى
مصطلح موضوعي ELECTRIC CIRCUIT
650 04 - المدخل الاضافى بالموضوع-مصطلح موضوعى
مصطلح موضوعي ELECTRIC ENGINEERING
650 04 - المدخل الاضافى بالموضوع-مصطلح موضوعى
مصطلح موضوعي ELECTROCARDIOGRAM
650 04 - المدخل الاضافى بالموضوع-مصطلح موضوعى
مصطلح موضوعي ELECTROMAGNETISM
650 04 - المدخل الاضافى بالموضوع-مصطلح موضوعى
مصطلح موضوعي ELECTRICAL TECHNOLOGY
942 ## - عناصر المدخل الإضافي( كوها)
مصدر التصنيف او مخطط الترفيف Dewey Decimal Classification
Koha [default] item type كتاب
260 ## - PUBLICATION, DISTRIBUTION, ETC. (IMPRINT)
-- [S.N] :
-- EDUCATIONAL LOW-PRICED BOOKS SCHEME ،
Holdings
حالة التراجع حالة الفقد حالة تلف ليس للاعارة المكان المؤقت الموقع الحالى تاريخ الاكتساب اجمالي اﻻعارات رقم الطلب الباركود تاريخ اخر مشاهدة تاريخ تفعيل السعر نوع وعاء كوها
        مكتبة القاهرة الكبرى مكتبة القاهرة الكبرى 03/26/2014   621.3\H H 37917 03/26/2014 03/26/2014 كتاب

Powered By

EGPV